米津玄師シングル全曲 - Statistics

General Stats
  • This quiz has been taken 181 times
  • The average score is 10 of 24
Answer Stats
曲名 % Correct
8th Lemon
94%
5th-1 LOSER
75%
7th ピースサイン
66%
13th KICK BACK
66%
10th 馬と鹿
64%
9th-1 Flamingo
61%
6th orion
53%
デジタルリリース さよーならまたいつか!
47%
デジタルリリース 海の幽霊
42%
14th 地球儀
41%
デジタルリリース パプリカ
40%
12th M八七
40%
デジタルリリース LADY
37%
11th Pale Blue
35%
1st サンタマリア
34%
2nd-1 MAD HEAD LOVE
32%
デジタルリリース POP SONG
31%
4th アンビリーバーズ
29%
デジタルリリース 毎日
29%
デジタルリリース 月を見ていた
28%
5th-2 ナンバーナイン
27%
3rd Flowerwall
27%
2nd-2 ポッピンアパシー
26%
9th-2 TEENAGE RIOT
25%
No matching quizzes found
Score Distribution
Percent of People with Each Score
Percentile by Number Answered
Your Score History
You have not taken this quiz